000 00933cpcaa2200265 a 4500
001 mm 79005215
003 DLC
005 20260227111650.0
008 790509|||||||||||| eng
010 _amm 79005215
040 _aDLC
_cDLC
_dDLC
_edacs
072 7 _aL
_2lcmd
100 1 _aFields, James Thomas,
_d1817-1881.
245 0 0 _aJames Thomas Fields letter,
_f1873.
300 _a1
_fitem.
506 0 _aOpen to research.
520 8 _aALS (1873 August 7; Manchester, Mass.) from Fields concerning dates and other arrangements for a lecture.
545 0 _aAuthor and publisher.
546 _aCollection material in English.
580 _aForms part of: Miscellaneous Manuscripts collection.
656 7 _aAuthors.
_2itoamc
656 7 _aPublishers.
_2itoamc
999 _c41866
_d41866